Writing history : essay on epistemology = Escribir la historia, ensayo sobre la epistemología /
Furkejuvvon:
| Váldodahkki: | |
|---|---|
| Materiálatiipa: | Dovdameahttun |
| Giella: | English |
| Almmustuhtton: |
Middletown, Conn :
Wesleyan University Press,
1984.
|
| Preanttus: | 1a edición |
| Fáttát: | |
| Fáddágilkorat: |
Lasit fáddágilkoriid
Eai fáddágilkorat, Lasit vuosttaš fáddágilkora!
|
MARC
| LEADER | 000000000a22000000004500 | ||
|---|---|---|---|
| 001 | 014283 | ||
| 020 | |a 0819560766 | ||
| 041 | 0 | |a eng | |
| 082 | 0 | 4 | |a 901.19 |b V596w |
| 100 | 1 | |a Veyne, Paul, |d 1930- | |
| 245 | 1 | 0 | |a Writing history : |b essay on epistemology = Escribir la historia, ensayo sobre la epistemología / |c Veyne, Paul |
| 246 | 3 | 1 | |a Escribir la historia, ensayo sobre la epistemología |
| 250 | |a 1a edición | ||
| 260 | 1 | |a Middletown, Conn : |b Wesleyan University Press, |c 1984. | |
| 300 | |a 342 páginas | ||
| 650 | 4 | |a HISTORIA | |
| 650 | 4 | |a METODOLOGIA | |
| 650 | 4 | |a FILOSOFIA | |
| 650 | 4 | |a HISTORIOGRAFIA | |
| 500 | |a Colección George Yúdice | ||
| 999 | |c 20177 |d 20177 | ||
| 942 | |c BK |h 901.19 V596w |2 z | ||



